Energy finance (Record no. 66813)
[ view plain ]
| 000 -LEADER | |
|---|---|
| fixed length control field | 01609nam a2200361 a 4500 |
| 082 04 - DEWEY DECIMAL CLASSIFICATION NUMBER | |
| Classification number | 333.79 |
| 245 00 - TITLE STATEMENT | |
| Title | Energy finance |
| 260 ## - PUBLICATION, DISTRIBUTION, ETC. (IMPRINT) | |
| Place of publication | Hoboken, N.J. : |
| Name of publisher | Wiley, |
| Year of publication | c2013. |
| 300 ## - PHYSICAL DESCRIPTION | |
| Number of Pages | xi, 606 p. : |
| Other physical details | ill. |
| 490 1# - SERIES STATEMENT | |
| Series statement | The Robert W. Kolb series in finance |
| 505 0# - FORMATTED CONTENTS NOTE | |
| Formatted contents note | pt. 1. An overview of energy finance and economics -- pt. 2. Financial and economic analysis in the energy industry -- pt. 3. Energy risk management and related topics -- pt. 4. Case studies. |
| 650 #0 - SUBJECT ADDED ENTRY--TOPICAL TERM | |
| Topical Term | Energy industries |
| Topical Term | Energy policy. |
| Topical Term | Renewable natural resources. |
| 700 1# - ADDED ENTRY--PERSONAL NAME | |
| Personal name | Simkins, Betty J., |
| Personal name | Simkins, Russell E. |
| 856 40 - ELECTRONIC LOCATION AND ACCESS | |
| Uniform Resource Identifier | http://site.ebrary.com/lib/rucke/Doc?id=10661515 |
No items available.
